La novela de dos centavos / (Record no. 35700)

MARC details
000 -LEADER
campo de control de longitud fija 00609nam a2200193 i 4500
001 - NÚMERO DE CONTROL
campo de control 35700
003 - IDENTIFICADOR DE NÚMERO DE CONTROL
campo de control ES-MaACL
005 - FECHA Y HORA DE LA ÚLTIMA TRANSACCIÓN
campo de control 20250813063300.0
007 - CAMPO FIJO DE DESCRIPCIÓN FÍSICA--INFORMACIÓN GENERAL
campo de control de longitud fija t|
008 - DATOS DE LONGITUD FIJA--INFORMACIÓN GENERAL
campo de control de longitud fija 030213s1970 sp ||||1| spa d
100 1# - ENTRADA PRINCIPAL--NOMBRE DE PERSONA
Nombre de persona Brecht, Bertolt,
Fechas asociadas al nombre 1898-1956
9 (RLIN) 31544
245 13 - MENCIÓN DEL TÍTULO
Título La novela de dos centavos /
Mención de responsabilidad, etc. Bertolt Brecht ; traducción Jorge C. Lehmann y Guillermo Lorentzen.
260 ## - PUBLICACIÓN, DISTRIBUCIÓN, ETC.
Lugar de publicación, distribución, etc. Barcelona :
Nombre del editor, distribuidor, etc. Planeta,
Fecha de publicación, distribución, etc. [1970]
300 ## - DESCRIPCIÓN FÍSICA
Extensión 373 p. ;
Dimensiones 21 cm.
700 1# - ENTRADA AGREGADA--NOMBRE PERSONAL
Nombre de persona Lehmann, Jorge C.
9 (RLIN) 71335
700 1# - ENTRADA AGREGADA--NOMBRE PERSONAL
Nombre de persona Lorentzen, Guillermo.
9 (RLIN) 74125
852 ## - LOCALIZACIÓN
Ubicación ES-MaACL
Número de control de estantería C-39556
Sublocalización o colección R.75676
Holdings
Estatus retirado Estado de pérdida Estado de daño No para préstamo Biblioteca de origen Biblioteca actual Ubicación en estantería Fecha de adquisición Fuente de adquisición Total de préstamos Signatura topográfica completa Código de barras Visto por última vez Precio de reemplazo Tipo de ítem Koha
        Biblioteca del Ateneo de Madrid Biblioteca del Ateneo de Madrid Depósito 2 17/01/2008     C-39556 1037383 23/02/2023 23/02/2023 Libro impreso